000 00389nam a22001337a 4500
999 _c8432
_d8433
008 200128b ||||| |||| 00| 0 eng d
020 _a9789998086708
082 _a613.3 DOR
100 _aDorji, Geden
245 _aHealthy living with better nutrition for better health.
260 _aThimphu ;
_bHerbalife Independent Associates Office,
_c2018.
300 _a196 p.
_c20 cm.
942 _2ddc